000081230 001__ 81230
000081230 005__ 20231111173231.0
000081230 022__ $$a1672-6731$$l1672-6731
000081230 0247_ $$2ZDBID$$aPERI:(DE-600)2710763-2
000081230 0247_ $$2ZDBPPN$$aZDPPN:1033289884
000081230 0247_ $$2EZBID$$aPERI:(DE-606)196929
000081230 0247_ $$2OCLC$$aOCLC:1368901917
000081230 0247_ $$2SCOPUS$$aSCOPUS:4000151712
000081230 0247_ $$2Medline$$amedline:101515097
000081230 035__ $$aPERI:(DE-600)2710763-2
000081230 040__ $$a4002$$bger$$cDE-101$$dJOIN²$$eJOIN² journal identification
000081230 041__ $$achi
000081230 044__ $$cXB-CN
000081230 082__ $$223sdnb$$a610$$qDE-600
000081230 08274 $$223sdnb$$a610$$qDE-600
000081230 2100_ $$2iso$$aZhongguo Xian Dai Shen Jing Ji Bing Za Zhi
000081230 2100_ $$2dnlm$$aZhongguo Xian Dai Shen Jing Ji Bing Za Zhi
000081230 2100_ $$2iso$$aZhongguo Xian Dai Shen Jing Ji Bing Za Zhi
000081230 24220 $$2DE-600$$aChinese journal of contemporary neurology & neurosurgery$$b= Zhongguo Xiandai Shenjing Jibing Zhazi$$yen
000081230 24220 $$2DE-600$$aChinese journal of contemporary neurology & neurosurgery$$b= Zhongguo Xiandai Shenjing Jibing Zhazi
000081230 245__ $$2DE-600$$aChinese journal of contemporary neurology & neurosurgery$$b= Zhongguo Xiandai Shenjing Jibing Zhazi$$honline
000081230 2463_ $$2DE-600$$aChinese journal of contemporary neurology & neurosurgery
000081230 2463_ $$a= Zhongguo Xiandai Shenjing Jibing Zhazi
000081230 2463_ $$aChinese journal of contemporary neurology & neurosurgery
000081230 2463_ $$aChinese journal of contemporary neurology and neurosurgery
000081230 260__ $$aTianjin$$bTianjin Huanhu Hospital$$c2010-
000081230 2607_ $$2DOAJ$$aChina$$bTianjin Huanhu Hospital$$d2020-09-02T07:22:16Z
000081230 26431 $$aTianjin$$bTianjin Huanhu Hospital$$c2010-
000081230 3620_ $$2DE-600$$aNachgewiesen 10.2012 -
000081230 36301 $$2DE-600$$81.1\x$$a10$$i2012
000081230 365__ $$2DOAJ$$aAPC$$b600$$cUSD$$d2020-09-02T07:22:16Z
000081230 380__ $$2marcgt$$ajournal
000081230 500__ $$aAutomatically generated record. (Updated: 2023-08-31)
000081230 650_7 $$0ASJC:2728$$2ASJC$$aNeurology (clinical)
000081230 650_7 $$0ASJC:2808$$2ASJC$$aNeurology
000081230 65310 $$2EZB-Subject$$aMedizin
000081230 65310 $$2EZB-Keyword$$aNeurologie
000081230 65310 $$2EZB-Keyword$$aNeurochirurgie
000081230 65310 $$2DOAJ$$aneuroscience$$d2020-09-02T07:22:16Z
000081230 65310 $$2DOAJ$$ainjury$$d2020-09-02T07:22:16Z
000081230 65310 $$2DOAJ$$aneuroanatomy$$d2020-09-02T07:22:16Z
000081230 65310 $$2DOAJ$$aneurogenetic disorders$$d2020-09-02T07:22:16Z
000081230 65310 $$2DOAJ$$aneuroimaging$$d2020-09-02T07:22:16Z
000081230 65310 $$2DOAJ$$aMedicine: Internal medicine: Neurosciences. Biological psychiatry. Neuropsychiatry: Neurology. Diseases of the nervous system$$d2020-09-02T07:22:16Z
000081230 8564_ $$d0$$uhttp://ezb.uni-regensburg.de/2710763$$yEZB
000081230 8564_ $$d0$$uhttp://www.cjcnn.org$$yVerlag = kostenfrei
000081230 8564_ $$d0$$uhttp://www.cjcnn.org/index.php/cjcnn/about/editorialPolicies#focusAndScope$$yScope
000081230 8564_ $$d0$$uhttp://www.cjcnn.org/index.php/cjcnn/about/editorialPolicies#peerReviewProcess$$yReview process
000081230 8564_ $$d0$$uhttp://www.cjcnn.org/index.php/cjcnn/announcement/view/1$$yInstructions for Authors
000081230 8564_ $$d0$$uhttp://www.cjcnn.org/index.php/cjcnn/announcement/view/1#charge$$yAPC information
000081230 8564_ $$d0$$uhttp://www.cjcnn.org/index.php/cjcnn/pages/view/editorial_board$$yEditorial board
000081230 8801_ $$2DE-600$$aChinese journal of contemporary neurology & neurosurgery$$b= Zhongguo Xiandai Shenjing Jibing Zhazi
000081230 909CO $$ooai:juser.fz-juelich.de:169522$$pauthority$$pauthority:PERI
000081230 909CO $$ooai:juser.fz-juelich.de:169522
000081230 915__ $$0StatID:(DE-HGF)0200$$2StatID$$aDBCoverage$$bSCOPUS$$d2023-08-31
000081230 915__ $$0StatID:(DE-HGF)0300$$2StatID$$aDBCoverage$$bMedline$$d2023-08-31
000081230 915__ $$0StatID:(DE-HGF)0501$$2StatID$$aDBCoverage$$bDOAJ Seal$$d2020-09-02T07:22:16Z
000081230 915__ $$0StatID:(DE-HGF)0500$$2StatID$$aDBCoverage$$bDOAJ$$d2020-09-02T07:22:16Z
000081230 915__ $$0StatID:(DE-HGF)0030$$2StatID$$aPeer Review$$bDOAJ : Peer review$$d2020-09-02T07:22:16Z
000081230 915__ $$0LIC:(DE-HGF)CCBYNV$$2V:(DE-HGF)$$aCreative Commons Attribution CC BY (No Version)$$bDOAJ$$d2020-09-02T07:22:16Z
000081230 915__ $$0StatID:(DE-HGF)0561$$2StatID$$aArticle Processing Charges$$d2023-08-31
000081230 915__ $$0StatID:(DE-HGF)0700$$2StatID$$aFees$$d2023-08-31
000081230 980__ $$aPERI
000081230 980__ $$aAUTHORITY